1083 1275 1391 1540 1842 1573 1637 1245 1911 1566 1196 1028 1004 1321 1469 1608 1915 1558 1451 1708 1163 1154 1300 1637 1142 1907 1300 1034 1288 1067 1375 1310 1559 1596 1967 1303 1584 1929 1859 1093 1769 1339 1935 1373 1729 1980 1117 1393 1158 1686 1292 1253 1446 1759 1749 1305 1853 1587 1017 1009 1402 1851 1279 1194 1233 1562 1869 1400 1999 1619 1011 1265 1568 1650 1812 1332 1649 1733 1427 1366 1807 1185 1744 1990 1745 1490 1531 1620 1606 1685 1930 1632 1199 1507 1292 1286 1802 1775 1056 BCNSPRNW ULIB Ver.6.0+V

เปลี่ยนเป็นภาษาไทย

Change to English
 แสดงรายละเอียดบรรณานุกรม
  กลับหน้าหลัก

Brief Record : Get Marc (ISO 2709) : E-mail record : QR code < ปิดหน้าต่าง
LEADER : 00000nam 2200000uu 4500
001    13399129073
003     ULIB
008    250605s2567||||th 000 0 tha d
020    ^a9786166085761
060  4 ^aWY157^bร334ก
100 0  ^aรัชนีกร สันติธรรม
245 1  ^aการพยาบาลสตรีตั้งครรภ์ :^bการส่งเสริมภาวะโภชนาการ^c/ รัชนีกร สันติธรรม.
250    ^aพิมพ์ครั้งที่ 3
260    ^aเชียงใหม่ :^bโรงพิมพ์ยูเนี่ยนปริ้นท์ชัวร์,^c2567.
300    ^aaก-ช, 120 หน้า :^bภาพประกอบ.
505 0  ^aความสำคัญของโภชนาการต่อการตั้งครรภ์ -- ชนิดของสารอาหารและปริมาณอาหารสำหรับสตรีตั้งครรภ์ -- ปัจจัยที่มีผลต่อภาวะโภชนาการในระยะตั้งครรภ์ -- การประเมินภาวะโภชนาการในสตรีตั้งครรภ์ -- บทบาทพยาบาลในการส่งเสริมด้านโภชนาการในสตรีตั้งครรภ์.
650  4 ^aการตั้งครรภ์^xแง่โภชนาการ
650  4 ^aการพยาบาลสูติศาสตร์
945    ^p290^l0^i30555
945    ^p290^l0^i30556
945    ^p290^l0^i30557
945    ^p290^l0^i30558
945    ^p290^l0^i30559
999    ^aกัณชพร จุลอักษร
รายการนี้ยังไม่มีแท็ก
คุณยังไม่ได้ล็อกอิน คุณสามารถมีกิจกรรมร่วมกับเว็บไซต์ได้ แต่ต้องล็อกอินก่อน ::
  ล็อกอิน

รายการสื่อสารสนเทศ

ลำดับที่ ประเภท เลขเรียก/บาร์โค้ด สถานที่ สถานะ
1. หนังสือสำรอง
หนังสือสำรอง
WY157 ร334ก ฉ.1 
  Barcode: 30555
ห้องสมุดวิทยาเขตนครสวรรค์
►หนังสือทั่วไป:l:General Books
บนชั้น
2. วิทยาศาสตร์การแพทย์ และสุขภาพ
วิทยาศาสตร์การแพทย์ และสุขภาพ
WY157 ร334ก ฉ.2 
  Barcode: 30556
ห้องสมุดวิทยาเขตนครสวรรค์
►หนังสือทั่วไป:l:General Books
บนชั้น
3. วิทยาศาสตร์การแพทย์ และสุขภาพ
วิทยาศาสตร์การแพทย์ และสุขภาพ
WY157 ร334ก ฉ.3 
  Barcode: 30557
ห้องสมุดวิทยาเขตนครสวรรค์
►หนังสือทั่วไป:l:General Books
บนชั้น
4. วิทยาศาสตร์การแพทย์ และสุขภาพ
วิทยาศาสตร์การแพทย์ และสุขภาพ
WY157 ร334ก ฉ.4 
  Barcode: 30558
ห้องสมุดวิทยาเขตนครสวรรค์
►หนังสือทั่วไป:l:General Books
บนชั้น
5. วิทยาศาสตร์การแพทย์ และสุขภาพ
วิทยาศาสตร์การแพทย์ และสุขภาพ
WY157 ร334ก ฉ.5 
  Barcode: 30559
ห้องสมุดวิทยาเขตนครสวรรค์
►หนังสือทั่วไป:l:General Books
บนชั้น

รายการใกล้เคียง
    ผู้แต่ง [รัชนีกร สันติธรรม]

    หัวเรื่อง [การพยาบาลสูติศาสตร์]

BibComment


ยังไม่เคยถูกคอมเมนท์

คอมเมนท์ทรัพยากรรายการนี้
  คอมเมนท์: การพยาบาลสตรีตั้..


 Copyright 2026. Bcnsprnw @Library